书目信息 |
| 题名: |
插画艺术设计理论与创新
|
|
| 作者: | 张媛 著 | |
| 分册: | ||
| 出版信息: | 长春 吉林美术出版社 2019 |
|
| 页数: | 165页 | |
| 开本: | 24cm | |
| 丛书名: | ||
| 单 册: | ||
| 中图分类: | J218.5 | |
| 科图分类: | ||
| 主题词: | 插图 (绘画)--Cha Tu ( Hui Hua )--设计 | |
| 电子资源: | ||
| ISBN: | 978-7-5575-3459-2 | |
| 000 | 01086nam0 2200253 450 | |
| 001 | 012001006412 | |
| 005 | 20131101150646.0 | |
| 010 | @a978-7-5575-3459-2@dCNY44.00 | |
| 099 | @aCAL 012019056866 | |
| 100 | @a20190430d2019 em y0chiy50 ea | |
| 101 | 0 | @achi |
| 102 | @aCN@b220000 | |
| 105 | @aa a 000yy | |
| 106 | @ar | |
| 200 | 1 | @a插画艺术设计理论与创新@Acha hua yi shu she ji li lun yu chuang xin@f张媛著 |
| 210 | @a长春@c吉林美术出版社@d2019 | |
| 215 | @a165页@c图@d24cm | |
| 320 | @a有书目 | |
| 330 | @a本书通过中国插画简史与西方插画简史来讲解插画的发展历程;通过对插画分类的介绍,着重讲解了书籍插画与商业插画的分类及应用;对插画的表现形式与技法进行剖析、讲解;通过真实的案例和精彩的配图,生动地展示插画的制作方法。本书不仅可以使读者掌握插画创作设计的基本技巧,同时还能够通过这些基本设计技巧的掌握,在更广泛的插画创作中发挥基础指导作用。本书可作为插画设计人员的参考用书。 | |
| 606 | 0 | @a插图 (绘画)@ACha Tu ( Hui Hua )@x设计 |
| 690 | @aJ218.5@v5 | |
| 701 | 0 | @a张媛@Azhang yuan,@f1982-@4著 |
| 801 | 0 | @aCN@b上海新华@c20191020 |
| 905 | @b1131560-3@dJ218.5@e1054@f4 | |
| 插画艺术设计理论与创新/张媛著.-长春:吉林美术出版社,2019 |
| 165页:图;24cm |
| ISBN 978-7-5575-3459-2:CNY44.00 |
| 本书通过中国插画简史与西方插画简史来讲解插画的发展历程;通过对插画分类的介绍,着重讲解了书籍插画与商业插画的分类及应用;对插画的表现形式与技法进行剖析、讲解;通过真实的案例和精彩的配图,生动地展示插画的制作方法。本书不仅可以使读者掌握插画创作设计的基本技巧,同时还能够通过这些基本设计技巧的掌握,在更广泛的插画创作中发挥基础指导作用。本书可作为插画设计人员的参考用书。 |
| ● |
| 相关链接 |
|
|
|
|
正题名:插画艺术设计理论与创新
索取号:J218.5/1054
 
预约/预借
| 序号 | 登录号 | 条形码 | 馆藏地/架位号 | 状态 | 备注 |
| 1 | 1131560 | 211315600 | 第一样本阅览室/ [索取号:J218.5/1054] | 在馆 | |
| 2 | 1131561 | 211315619 | 第一借阅区/ [索取号:J218.5/1054] | 在馆 | |
| 3 | 1131562 | 211315628 | 第一借阅区/ [索取号:J218.5/1054] | 在馆 | |
| 4 | 1131563 | 211315637 | 第一借阅区/ [索取号:J218.5/1054] | 在馆 |